000 00281nam a22001337a 4500
008 180209b xxu||||| |||| 00| 0 eng d
020 _a9781419552519
041 _aeng
080 _210 ED
_a37
100 _a47
101 _aEDU
245 _aPRAXIS
_cKAPLAN
942 _2udc
_cBK
999 _c42234
_d42234